Κατάλογος Βιβλιοθηκών Mediterranean College

Business Statistics / A Decision - Making Approach: Fourth Edition (Record no. 2584)

MARC details
000 -LEADER
fixed length control field 01445cam a22002174a 4500
005 - ΗΜΕΡΟΜΗΝΙΑ ΚΑΙ ΩΡΑ ΤΕΛΕΥΤΑΙΑΣ ΕΝΗΜΕΡΩΣΗΣ
Πεδίο ελέγχου 20250605164047.0
008 - FIXED-LENGTH DATA ELEMENTS--GENERAL INFORMATION
Πεδίο ελέγχου σταθερού μήκους 250528s ||||||||||||||||||||||||d
035 ## - SYSTEM CONTROL NUMBER
System control number 17145
020 ## - ISBN
ISBN 23478411
040 ## - ΠΗΓΗ ΚΑΤΑΛΟΓΟΓΡΑΦΗΣΗΣ
Φορέας πρωτότυπης καταλογογράφησης MC Athens Campus Library
Γλώσσα καταλογογράφησης Ελληνικά, Μοντέρνα (1453-)
Modifying agency MC Athens Campus Library
Κανόνες περιγραφικής καταλογογράφησης AACR2
245 1# - ΤΙΤΛΟΣ ΚΑΙ ΔΗΛΩΣΗ ΥΠΕΥΘΥΝΟΤΗΤΑΣ
Τίτλος Business Statistics / A Decision - Making Approach: Fourth Edition
250 ## - EDITION STATEMENT
Edition statement 4th
260 ## - PUBLICATION, DISTRIBUTION, ETC.
Name of publisher, distributor, etc. Macmillan Publishing Company,
Date of publication, distribution, etc. 1989
300 ## - PHYSICAL DESCRIPTION
Extent 1194
520 ## - SUMMARY, ETC.
Summary, etc. Data Collection for Decision Making, Organizing and Presenting Data, Measures of Location and Spread, Introduction to Probability Concepts, Discrete Probability Distributions, Continuous Probability Distributions, Sampling Techniques and the Sampling Distributions of X and p, Introduction to Statistical Estimation, Introduction to Hypothesis Testing, Additional Hypothesis Testing Techniques, Statistical Estimation and Hypothesis Testing, Tests of Variances and an Introduction to Anova, Simple Linear Regression and Correlation Analysis, Introduction to Multiple Regression Analysis, Contingency Tables and Goodness-of-Fit Tests, Introduction to Nonparametric Statistics, Time Series Analysis and Index Numbers, Introduction to Forecasting Techniques, Introduction to Decision Analysis, Additional Topics in Decision Analysis, Appendices, Answers to Selected Problems, Index.
700 1# - ΠΡΟΣΘΕΤΗ ΑΝΑΓΡΑΦΗ--ΦΥΣΙΚΟ ΠΡΟΣΩΠΟ
Personal name Groebner David F
9 (RLIN) 3275
700 1# - ΠΡΟΣΘΕΤΗ ΑΝΑΓΡΑΦΗ--ΦΥΣΙΚΟ ΠΡΟΣΩΠΟ
Personal name Shannon Patrick W
9 (RLIN) 3276
942 ## - ADDED ENTRY ELEMENTS (KOHA)
Koha item type Books
Holdings
Τύπος τεκμηρίου Βιβλιοθήκη Τρέχουσα τοποθεσία Barcode Αριθμός εισαγωγής Ημερομηνία απόκτησης Ταξιθετικό σύμβολο Αριθμός αντιτύπου Κατάσταση απόσυρσης Κατάσταση χαμένου Κατάσταση κατεστραμμένου Μη δανεισμός Σύνολο δανεισμών Ημερομηνία τελευταίας εμφάνισης Η τιμή ισχύει από
Books MC Athens Campus Library MC Athens Campus Library 9780000025838 8033 05/06/2025 519.5 GRO 1           05/06/2025 05/06/2025

MC Athens Campus Library
Πατησίων 94 & Κοδριγκτώνος 13, 104 34
Πελλήνης 8 & Πατησίων 107, 112 51
Τ: +30 210 8899600

MC Thessaloniki Campus Library
Ίωνος Δραγούμη 21, 54625 | Ίωνος Δραγούμη 15, 54625
Τ: +30 2310 287779 – Τ: +30 2314 440300